Main model series of China's (high speed railway) EMU trains - Statistics

General Stats
  • This quiz has been taken 51 times
  • The average score is 22 of 26
Answer Stats
Type Model series Amount Speed % Correct
CRH CRH1A(-A) 215 210/250
100%
CRH CRH2A 491 250
100%
CRH CRH2B 27 250
100%
CRH CRH3A(-A) 71 250
100%
CRH CRH1B 25 250
97%
CRH CRH2C 59 310
97%
CRH CRH380A 319 310
97%
CRH CRH380B 353 380
94%
CR CR400AF(-A/Z...) 317 350/385
91%
CR CR400BF 370 350
91%
CRH CRH5A 140 250
91%
CRH CRH3C 80 310
88%
CRH CRH2E 24 250
84%
CR CR300AF 68 250
81%
CR CR300BF 69 250
81%
CRH CRH6A(-A) 145 200
81%
CR CR200J(1/2/3/S)(-A/B/C/G) 259 160
78%
CRH CRH1E 20 250
78%
CRH CRH380D 85 380
78%
CRH CRH5G 84 250
78%
CRH CRH2G 29 250
72%
CRH CRH380AL 113 380
72%
CRH CRH380BL 151 380
72%
CRH CRH380CL 25 380
63%
CRH CRH380BG 157 380
53%
CRH CRH6F(-A) 61 160
53%
No matching quizzes found
Score Distribution
Percent of People with Each Score
Percentile by Number Answered
Your Score History
You have not taken this quiz